Al-Rihla: el viaje científico en el Islam y sus implicaciones culturales = Al-Rihla : the scientific journey in Islam and its cultural implications /
El propósito de este ensayo es analizar el concepto y la puesta en práctica de al-rihla en el Islam, como viaje científico, de exploración, de adquisición de nuevos conocimientos y de contacto con los otros, por medio del cual los musulmanes desde la Edad Media, hasta tiempos recientes, pudieron con...
Saved in:
| Main Author: | |
|---|---|
| Format: | Text |
| Subjects: | |
| Tags: |
Add Tag
No Tags, Be the first to tag this record!
|
MARC
| LEADER | 00000 a a2200000 04500 | ||
|---|---|---|---|
| 001 | 41131 | ||
| 003 | |||
| 040 | |||
| 100 | |a Marín Guzmán, Roberto | ||
| 245 | |a Al-Rihla: el viaje científico en el Islam y sus implicaciones culturales = |b Al-Rihla : the scientific journey in Islam and its cultural implications / |c Roberto Marín Guzmán | ||
| 500 | |a romagu_02@yahoo.com | ||
| 520 | |a El propósito de este ensayo es analizar el concepto y la puesta en práctica de al-rihla en el Islam, como viaje científico, de exploración, de adquisición de nuevos conocimientos y de contacto con los otros, por medio del cual los musulmanes desde la Edad Media, hasta tiempos recientes, pudieron conocer a los otros, los diversos pueblos, la geografía, los climas, la producción agrícola e industrial, las leyendas, la historia; así como sus aportes e implicaciones culturales, religiosas y personales. | ||
| 590 | |a SJB/OCTUBRE2012 | ||
| 650 | |a 1.MUSULMANES | ||
| 650 | |a 2.ISLAM | ||
| 650 | |a 3.CONOCIMIENTO | ||
| 650 | |a 4.CULTURA | ||
| 650 | |a 5.CIENCIA | ||
| 773 | |g volumen89, número2 ( , 2010), páginas 125-145 | ||
| 999 | |c 31695 |d 31695 | ||
